The Little Mermaid Trivia - Statistics

General Stats
  • This quiz has been taken 29 times
  • The average score is 18 of 25
Answer Stats
Question Answer % Correct
What item is referred to as a 'dinglehopper'? Fork
95%
Name of the prince who is celebrating his birthday? Prince Eric
95%
Name of the crab who serves King Triton Sebastian
95%
How many sisters does Ariel have? 6
91%
Name of his youngest daughter Ariel
91%
Name of Ariel's best fish friend Flounder
91%
What does Ursula take from Ariel in exchange for legs? Her Voice
91%
Name of the evil sea witch Ursula
91%
How many thingymabobs does Ariel have? 20
86%
What does Ariel claim to be when she sings 'watch and you'll see, someday I'll be...' Part Of Your World
86%
What creature chases Ariel and Flounder through the shipwreck? Shark
86%
What song does Sebastian sing to Ariel? Under The Sea
86%
Name of the King of Atlanta King Triton
82%
Name of the bird Ariel visits on the surface Scuttle
77%
Year released by Walt Disney studios 1989
73%
Name of Eric's dog Max
73%
Names of her eels Flotsam & Jetsam
68%
Author of the story the movie is based on Hans Christian Anderson
59%
Underwater kingdom where the merpeople live Atlanta
55%
How does Ursula refer to the people she has helped in the past? Poor Unfortunate Souls
55%
What does King Triton destroy that devastates Ariel? Statue of Eric
55%
What causes Eric's ship to catch fire? Lightning Strike
50%
What name does Ursula give herself when disguised as a human? Vanessa
41%
Name of the chef that tries to cook Sebastian Louis
32%
The words Ursula speaks before she dies 'So much for... True Love!
32%
No matching quizzes found
Score Distribution
Percent of People with Each Score
Percentile by Number Answered
Your Score History
You have not taken this quiz